01004nam a2200265 a 4500008004100000020002200041049000900063090001800072100001800090245017700108260004600285300002600331440003200357500002000389504004100409650002200450650002100472907003500493003000100528005001700529040000900546942002500555999001900580952013900599  a0771097867 (pbk.) aMAIN aHJ9351.4bVIN1 aViner, Jacob.10aCanada's balance of international indebtedness, 1900-1913 :ban inductive study in the theory of international trade /cJacob Viner ; with an introduction by H. C. Eastman. aToronto :bMcCelland and Stewart,cc1975. axvi, 318 p. ;c19 cm. aCarleton library ;vno. 86. aIncludes index. aIncludes bibliographical references. 0aBalance of trade. 0aFinancezCanada. a.b10129492b08-05-12c02-07-0420230123133751.0 cNUST cBOOKSkHJ9351.4mVIN c154272d154272 r2023-01-23 00:00:00l0oHJ9351.4 VINp92003007625v80.00w2023-01-23yBOOKS102LCC40708NFIC00aMAINbMAINcGENd2023-01-23g80.00